000 00502cam a2200181ua 4500
020 _c150.00
041 _aeng
_h
082 _a639.18
_bKUZ/BI
100 _aKuzin, B S .
245 _aBiological and hydrological factor of local movements of fish in reservoirs /
_cB S Kuzin.
_hTextual Documents
260 _aNew Delhi :
_bAmerind Publishing Co Pvt Ltd ,
_c1974.
300 _a989 ; .
365 _a150.00
500 _a** Reference
504 _a
942 _cBK
999 _c4765
_d4765